000 00546nam a22001577a 4500
005 20090304102046.0
008 090304t xxu||||| |||| 00| 0 eng d
037 _bDPL /Pub
245 _aAnalytical monthly review
260 _aPaschim Medinipur, khargpur
_bSubhas Aikat, Cornerstone Publications
_c2009-
300 _av.
_c24 cm
310 _amonthly
270 _bPaschim Medinipur, khargpur
_e721306
_aPO Hijli Co-operative,
942 _2ddc
_cSR
_s1
999 _c24730
_d24730